Statistics for Dumb it Down Doc

Click here to take the quiz!

General Stats

  • This quiz has been taken 58,182 times
  • The average score is 11 of 20

Answer Stats

Medical TermCommon Term% Correct
RhinoplastyNose job
79%
MandibleLower jaw
76%
HalitosisBad breath
72%
Myocardial InfarctionHeart attack
70%
CoccyxTailbone
69%
AlopeciaHair loss
68%
ContusionBruise
67%
ClavicleCollar bone
66%
HypertensionHigh blood pressure
65%
UmbilicusBelly button
55%
HypoglycemiaLow blood sugar
54%
ConjunctivitisPink eye
54%
Laryngeal ProminenceAdam's apple
50%
LeukocyteWhite blood cell
48%
IncisorsFront teeth
44%
DyspepsiaIndigestion
34%
MyalgiaMuscle pain
26%
VaricellaChicken pox
24%
NeoplasmTumor
24%
Plantar AspectSole
17%

Score Distribution

Percentile by Number Answered

Percent of People with Each Score

Your Score History

You have not taken this quiz